000
00262nam a2200109Ia 4500
008
190906s9999||||xx |||||||||||||| ||und||
100
_a
Afaq Siddiqui
245
0
_a
Maseer-ra-tul-Bashar
260
_a
Karachi
_b
Royal Book Company
_c
2004
300
_a
289
942
_c
BK
999
_c
6169
_d
6169